| 000 | 00821nam a22002657a 4500 | ||
|---|---|---|---|
| 999 |
_c13916 _d13916 |
||
| 003 | AR-CdUCM | ||
| 008 | 190417b ||||| |||| 00| 0 spa d | ||
| 040 |
_aMUNICIPALIDAD PROVINCIAL DEL CUSCO _cBIBLIOTECA MUNICIPAL DEL CUSCO |
||
| 082 |
_aEP / 372.869 / _bP65 |
||
| 100 |
_aPizarro Pillco, Elver _932532 |
||
| 245 | _aRatoncillo 33 y otros cuentos / | ||
| 260 |
_aCusco : _bCusco graph, _c2012. |
||
| 300 |
_a55 paginas ; _bilustraciones, _c21 cm. |
||
| 500 | _aCuentos peruanos | ||
| 505 | _aContenido: Cuentos infantiles | ||
| 650 |
_aCuentos _9217 |
||
| 650 |
_aHistoria _9136 |
||
| 650 |
_aLiteratura _983 |
||
| 650 |
_aPerĂº _935 |
||
| 700 |
_aOlazabal Castillo, Luciano _932533 |
||
| 700 |
_aBustamante, Mario _932534 |
||
| 856 | _fwww.cuscograph.com | ||
| 942 |
_2ddc _cLIBROS |
||
| 945 |
_apjha _d2019-04-17 |
||